All you need to know about exchange rates
Salvato in:
| Autore principale: | |
|---|---|
| Altri autori: | |
| Natura: | Libro |
| Lingua: | inglese |
| Pubblicazione: |
London
Sidgwick & Jackson
1988
|
| Soggetti: | |
| Tags: |
Nessun Tag, puoi essere il primo ad aggiungerne!!
|
MARC
| LEADER | 00000nam a2200000 4500 | ||
|---|---|---|---|
| 001 | c101962 | ||
| 005 | 20221123135042.5 | ||
| 020 | |a 0-283-99626-9 | ||
| 041 | 0 | |a eng | |
| 044 | |a gb | ||
| 245 | 1 | 0 | |a All you need to know about exchange rates |c Howard Flight and Bonita Lee-Swan |
| 264 | 1 | |a London |b Sidgwick & Jackson |c 1988 | |
| 300 | |a 207 s. | ||
| 610 | 2 | 0 | |a kurz devízový |
| 610 | 2 | 0 | |a kurz výmenný |
| 610 | 2 | 0 | |a mena |
| 610 | 2 | 0 | |a devízy |
| 610 | 2 | 0 | |a politika devízová |
| 610 | 2 | 0 | |a účty bežné |
| 610 | 2 | 0 | |a účty kapitálové |
| 610 | 2 | 0 | |a euro |
| 610 | 2 | 0 | |a trh devízový |
| 610 | 2 | 0 | |a akcie |
| 610 | 2 | 0 | |a dolár |
| 610 | 2 | 0 | |a jen |
| 610 | 2 | 0 | |a marka |
| 610 | 2 | 0 | |a fondy devízové |
| 610 | 2 | 0 | |a peniaze |
| 610 | 2 | 0 | |a konvertibilita |
| 100 | 1 | |a Flight, Howard | |
| 700 | 1 | |a Lee-Swan, Bonita | |